| 000 | 00000nam 2200000zi 4500 |
| 001 | 9.917473 |
| 003 | CaOODSP |
| 005 | 20241223090702 |
| 006 | m o d f |
| 007 | cr ||||||||||| |
| 008 | 221118t20222022oncab ob f000 0 fre d |
| 020 | |a9780660463209 |
| 040 | |aCaOODSP|bfre|erda|cCaOODSP |
| 043 | |an-cn-on |
| 086 | 1 |aEn3-4/146-2023F-PDF |
| 245 | 00|aProgramme de rétablissement et plan d'action pour le lépisosté tacheté (Lepisosteus oculatus) au Canada. |
| 246 | 17|aProgramme de rétablissement et plan d’action du lépisosté tacheté (proposition) 2022 |
| 264 | 1|aOttawa : |bGouvernement du Canada = Government of Canada, |c2022. |
| 264 | 4|c©2022 |
| 300 | |a1 ressource en ligne (vii, 80 pages) : |bcartes, illustrations. |
| 336 | |atexte|btxt|2rdacontent/fre |
| 337 | |ainformatique|bc|2rdamedia/fre |
| 338 | |aressource en ligne|bcr|2rdacarrier/fre |
| 490 | 1 |aLoi sur les espèces en péril série des programmes de rétablissement |
| 500 | |aPublié par Pêches et océans Canada. |
| 500 | |aPublié aussi en anglais sous le titre : Recovery strategy and action plan for the spotted gar (Lepisosteus oculatus) in Canada. |
| 500 | |aTitre de la couverture. |
| 500 | |a« Proposition. » |
| 504 | |aComprend des références bibliographiques. |
| 650 | 6|aLépisosté tacheté|xConservation|zOntario. |
| 650 | 6|aFaune|xRétablissement|zOntario. |
| 710 | 1 |aCanada. |bMinistère des pêches et des océans, |eorganisme de publication. |
| 775 | 08|tRecovery strategy and action plan for the spotted gar (Lepisosteus oculatus) in Canada.|w(CaOODSP)9.917472 |
| 794 | |tProgramme de rétablissement et plan d'action pour le lépisosté tacheté (Lepisosteus oculatus) au Canada : |b2024|w(CaOODSP)9.933663 |
| 830 | #0|aLoi sur les espèces en péril, série de programmes de rétablissement.|w(CaOODSP)9.501470 |
| 856 | 40|qPDF|s3.60 Mo|uhttps://publications.gc.ca/collections/collection_2023/mpo-dfo/En3-4-146-2023-fra.pdf |
| 856 | 4 |qHTML|sS.O.|uhttps://www.canada.ca/fr/environnement-changement-climatique/services/registre-public-especes-peril/programmes-retablissement/lepisoste-tachete-2021.html |